Logo BPK

Biblioteka

Politechniki Koszalińskiej

Prognozowanie rynków finansowych : (Rekord nr 41899)

Szczegóły MARC
000 -ETYKIETA REKORDU
podpole kontrolne o stałej długości 01322nam a2200289 i 4500
001 - NUMER KONTROLNY REKORDU
pole kontrolne bg
020 ## - MIĘDZYNARODOWY ZNORMALIZOWANY NUMER KSIĄŻKI - ISBN
ISBN 8388597159
040 ## - ŹRÓDŁO KATALOGOWANIA
Instytucja, która utworzyła rekord BPK
041 1# - KOD JĘZYKA
Kod języka tekstu pl
Kod języka oryginału en
080 ## - UNIWERSALNA KLASYFIKACJA DZIESIĘTNA - UKD
UKD 336.74:336.76](061)
920 ## - Międzynarodowy znormalizowany numer książki – ISBN
ISBN 83-88597-15-9
008 - POLE O STAŁEJ DŁUGOŚCI - DANE KONTROLNE
podpole kontrolne o stałej długości s pl f |000 0 pol
245 00 - TYTUŁ/ODPOWIEDZIALNOŚĆ
Tytuł Prognozowanie rynków finansowych :
Ciąg dalszy tytułu kursy walutowe, stopy procentowe, zarządzanie aktywami /
Pozostałe elementy strefy tytułu i oznaczenia odpowiedzialności pod red. Christiana L. Dunisa ; przeł. Paweł Kawa.
246 ## - WARIANT TYTUŁU
Treść wyrażenia wprowadzającego Tyt. oryg.:
Tytuł Forecasting financial markets : exchange rates, interest rates and asset management
260 ## - STREFA ADRESU WYDAWNICZEGO
Miejsce wydania Kraków :
Nazwa wydawcy/dystrybutora Oficyna Ekonomiczna. Oddział Polskich Wydawnictw Profesjonalnych :
-- "ABC",
Data publikacji, dystrybucji/powstania dokumentu 2001.
300 ## - STREFA OPISU FIZYCZNEGO
Objętość 344 s. :
Inne cechy fizyczne il. ;
Rozmiary 25 cm.
490 1# - STREFA SERII I DOKUMENTU WIELOCZĘŚCIOWEGO - FORMA NIE DO WYSZUKIWANIA
Tytuł i oznaczenie odpowiedzialności serii Finanse i Inwestycje
500 ## - UWAGI OGÓLNE
Tekst uwagi Tyt. oryg.: "Forecasting financial markets : exchange rates, interest rates and asset management" 1996. - Zbiór referatów z konferencji org. przez Chemical Bank's Quantitative Research & Trading Group oraz Imperial College w Londynie.
504 ## - UWAGA DOTYCZĄCA BIBLIOGRAFII
Informacje o bibliografii Bibliogr. przy ref. - Indeks.
650 #9 - HASŁO PRZEDMIOTOWE W FORMIE NAZWY OGÓLNEJ LUB JEDNOSTKOWEJ
Nazwa ogólna lub geograficzna Rynek finansowy
Określnik ogólny prognozy
655 ## - TERMIN INDEKSOWY - OKREŚLENIE RODZAJU/FORMY DOKUMENTU
Określenie rodzaju/formy dokumentu Materiały konferencyjne
700 1# - HASŁO DODATKOWE - NAZWA OSOBOWA
Nazwa osobowa DUNIS, Christian.
Określenie związku między hasłem a opisywanym materiałem Red.
700 1# - HASŁO DODATKOWE - NAZWA OSOBOWA
Nazwa osobowa Kawa, Paweł.
Określenie związku między hasłem a opisywanym materiałem Tł.
830 ## - HASŁO DODATKOWE SERII LUB DOKUMENTU WIELOCZĘŚCIOWEGO - TYTUŁ UJEDNOLICONY
Tytuł ujednolicony Finanse i Inwestycje
942 ## - DODATKOWE ELEMENTY (KOHA)
Typ dokumentu Książka
Egzemplarze
Wycofany Status egzemplarza Uszkodzony Dostępność Lokalizacja stała Lokalizacja bieżąca Miejsce przechowywania Sygnatura Kod kreskowy Dział Typ dokumentu
      Tylko na miejscu Biblioteka Politechniki Koszalińskiej Biblioteka Politechniki Koszalińskiej Czytelnia Wydziałowa ul. Kwiatkowskiego 6e 65116 01893977 336.7 Pieniądz. Giełdy Książka
© 2023 Biblioteka Politechniki Koszalińskiej :: KOHA